000 00952nam a2200253Ia 4500
003 GCL
008 140319s9999 xx 000 0 ara d
020 _a0395024977
040 _aGCL /
_cGCL
082 0 4 _a361
_bز ح
100 1 _aزهير عبد الكريم الكايد
245 1 0 _aالحكمانيةGOVERNANCA :
_bقضايا وتطبيقات /
_cزهير عبد الكريم الكايد
260 _aالاردن :
_bالمنظمة العربية للتنمية الادارية ،
_c2003
300 _a252 ص ؛
_c24 سم
650 0 4 _aالتنمية الاجتماعية
650 0 4 _aالبطالة
650 0 4 _aالفقر
650 0 4 _aالمشاركة السياسية
650 0 4 _aالدول النامية - السياسة الاقتصادية
650 0 4 _aالعولمة
650 0 4 _aالمجتمعات الحضرية
650 0 4 _aالدول النامية - الاحوال الاجتماعية
942 _2ddc
_cBK
999 _c5944
_d5944